000 00614nam a22001815i 4500
001 156673
003 ES-MaACL
005 20250724074834.0
008 040803s1893 gw |||| | ger d
040 _aCAM
_bspa
_cCAM
100 1 _aKraft, Ferdinand.
_9128486
245 1 0 _aAbriss des Geometrischen Kalküls
_b: nach den werken des Dr. Hermann Günther Grassmann /
_cbearbeitet von Ferdinand Kraft.
260 _aLeipzig :
_bB.G. Teubner,
_c1893.
300 _aXII, 255 p. ;
_c24 cm.
650 7 _aGeometría
_2embne
_913096
852 _aES-MaACL
_jF-2748
_z-- Enc. pasta española
999 _c156673
_d156673